Hợp tác quốc phòng - an ninh Việt Nam - EU hai thập niên đầu thế kỷ XXI: Động lực và triển vọng /

Bewaard in:
Bibliografische gegevens
Hoofdauteur: Bùi Thị Thảo.
Formaat: Artikel
Taal:Vietnamese
Onderwerpen:
EU
Tags: Voeg label toe
Geen labels, Wees de eerste die dit record labelt!
Thư viện lưu trữ: Thư viện Trường Đại học Đà Lạt
LEADER 00921nam a2200289 4500
001 DLU210196681
005 ##20210629
040 # # |a DLU  |b vie 
041 # # |a vie 
044 # # |a vn 
100 # # |a Bùi Thị Thảo. 
245 # # |a Hợp tác quốc phòng - an ninh Việt Nam - EU hai thập niên đầu thế kỷ XXI: Động lực và triển vọng /  |c Bùi Thị Thảo. 
653 # # |a EU 
653 # # |a Hợp tác song phương 
653 # # |a Quốc phòng an ninh 
653 # # |a Việt Nam 
773 # # |t Nghiên cứu Châu Âu  |g Số 11(230), 2019, tr. 6-14 
920 # # |a Phòng Tạp chí -- Trung tâm Thông tin - Thư viện Trường Đại học Đà Lạt 
933 # # |a XH 
994 # # |a DLU 
900 # # |a True 
911 # # |a Hoàng Thị Huyền 
925 # # |a G 
926 # # |a A 
927 # # |a BB 
980 # # |a Thư viện Trường Đại học Đà Lạt